Normal view MARC view
  • Tiempo

Entry Materia

Number of records used in: 4

001 - NÚMERO DE CONTROL DEL REGISTRO

  • campo de control: 17388

003 - IDENTIFICADOR DE NUMERO DE CONTROL

  • campo de control: MX-MxUPN

005 - FECHA Y HORA DE LA ÚLTIMA TRANSACCIÓN

  • campo de control: 20250306160637.0

008 - DATOS DE LONGITUD FIJA

  • campo de control de longitud fija: 250306nn fcnnnbaba b ana |d

035 ## - NÚMERO DE CONTROL DEL SISTEMA

  • Número de control del sistema: UPN10000017396

040 ## - FUENTE DE LA CATALOGACIÓN

  • Centro catalogador de origen: MX-MxUPN
  • Lengua de catalogación: spa

150 ## - ENCABEZAMIENTO - TEMÁTICO

  • Término de materia o nombre geográfico como elemento inicial: Tiempo
  • Subdivisión de materia general: Historia

670 ## - FUENTE EN LA QUE SE LOCALIZARON DATOS

  • Cita de la fuente: Autoridades LC, 6 marzo 2025 :
  • Información localizada: (Time -- History)
  • Identificador Uniforme del Recurso: https://lccn.loc.gov/sh2010116544

902 ## - CATALOGADOR

  • Catalogador: MCM/260111
  • Catalogador: VíctorGodínez/060325